000 00358nam a2200133Ia 4500
008 230411s9999 xx 000 0 und d
041 _aeng
082 _aN/613.2/GOP/B00029
100 _aGopalan C
245 _aNutritive Value of Indian Foods
260 _bNational Institute Of Nutrition
_aHyderabad
_c2004
300 _a161p
999 _c151553
_d151553